The importance of psychological care during and after the “aftermath” for pediatric cancer survivors: The case of the “long-term follow-up clinic” (notice n° 1639243)
[ vue normale ]
| 000 -LEADER | |
|---|---|
| fixed length control field | 01223cam a2200181 4500500 |
| 005 - DATE AND TIME OF LATEST TRANSACTION | |
| control field | 20260201034132.0 |
| 041 ## - LANGUAGE CODE | |
| Language code of text/sound track or separate title | fre |
| 042 ## - AUTHENTICATION CODE | |
| Authentication code | dc |
| 100 10 - MAIN ENTRY--PERSONAL NAME | |
| Personal name | Rivollet, Sophie |
| Relator term | author |
| 245 00 - TITLE STATEMENT | |
| Title | The importance of psychological care during and after the “aftermath” for pediatric cancer survivors: The case of the “long-term follow-up clinic” |
| 260 ## - PUBLICATION, DISTRIBUTION, ETC. | |
| Date of publication, distribution, etc. | 2026.<br/> |
| 500 ## - GENERAL NOTE | |
| General note | 23 |
| 520 ## - SUMMARY, ETC. | |
| Summary, etc. | We report on the reflection developed from a literature review and our clinical experience on the psychological issues relating to survival after being treated for cancer during childhood. The proposal for a “displaced” understanding of oncological time would foster the processing of aftereffects and encourage narrative work around past experiences. The psychological consultation provides an opportunity to support the (re)assessment of the subjective impact of a serious illness during childhood, which is not always expressible or visible. |
| 700 10 - ADDED ENTRY--PERSONAL NAME | |
| Personal name | Fasse, Léonor |
| Relator term | author |
| 700 10 - ADDED ENTRY--PERSONAL NAME | |
| Personal name | Dauchy, Sarah |
| Relator term | author |
| 786 0# - DATA SOURCE ENTRY | |
| Note | Corps & Psychisme | 86 | 1 | 2026-01-26 | p. 167-180 | 2260-2100 |
| 856 41 - ELECTRONIC LOCATION AND ACCESS | |
| Uniform Resource Identifier | <a href="https://shs.cairn.info/journal-corps-psychisme-2025-1-page-167?lang=en&redirect-ssocas=7080">https://shs.cairn.info/journal-corps-psychisme-2025-1-page-167?lang=en&redirect-ssocas=7080</a> |
Pas d'exemplaire disponible.




Réseaux sociaux